| 000 | 01181nam a22003497a 4500 | ||
|---|---|---|---|
| 003 | CHAP | ||
| 005 | 20220817041251.0 | ||
| 008 | 971013s1992 r 00010 d | ||
| 010 | _a9953 | ||
| 011 | _a10925 | ||
| 035 | _a10163 | ||
| 040 | _cCHAP | ||
| 082 |
_a641 _bF3f v.14/10 |
||
| 110 | _aFAO | ||
| 245 |
_aManuels sur le contrôle de la qualité des produits alimentaires _b: cours de formation sur l'analyse des mycotoxines |
||
| 260 |
_aRome : _bFAO, _c1992 |
||
| 300 |
_a143 p. _b: ilus. ; gráfs |
||
| 490 |
_aFAO. Alimentación y nutrición _v; 14/10 |
||
| 590 |
_aBATCH-UPD _b10 _c20130110 _lUCH01 _h0231 |
||
| 590 |
_aBATCH-UPD _b10 _c20130110 _lUCH01 _h1150 |
||
| 590 |
_aBATCH-UPD _b10 _c20130409 _lUCH01 _h2254 |
||
| 590 |
_aBATCH-UPD _b10 _c20130914 _lUCH01 _h0122 |
||
| 590 |
_aCONVERSION _b10 _c20130109 _lUCH01 _h1306 |
||
| 650 | 1 | 4 |
_aAlimentos _xAnálisis. _94164 |
| 650 | 1 | 4 |
_aAlimentos _xCalidad. |
| 650 | 1 | 4 |
_aCalidad _xControl de la. _917484 |
| 650 | 1 | 4 |
_aHongos _xExcreciones tóxicas. _956100 |
| 830 | 0 |
_aFAO. Alimentación y nutrición _v; 14/10 _939449 |
|
| 901 | _aBK | ||
| 942 | _cLIBRO | ||
| 949 |
_a641 F3f v.14/10 _bBC _cFAO _d-21563 _eFAO1 _h86336 _i10163 _si |
||
| 999 |
_c9953 _d9953 |
||